Loading...
Folk culture and oral tradition /
| Main Author: | |
|---|---|
| Format: | Printed Book |
| Language: | English |
| Published: |
New Delhi :
Abhinav Publication,
1974.
|
| LEADER | 00393nam a2200121Ia 4500 | ||
|---|---|---|---|
| 008 | 150624b xxu||||| |||| 00| 0 eng d | ||
| 100 | |a Srivastava | ||
| 245 | |a Folk culture and oral tradition / |c Srivastava | ||
| 260 | |a New Delhi : |b Abhinav Publication, |c 1974. | ||
| 300 | |a 404 p. | ||
| 942 | |c BK | ||
| 999 | |c 20729 |d 20729 | ||
| 952 | |0 1 |1 0 |4 0 |7 0 |9 20728 |a UL |b UL |c ST1 |d 1998-09-01 |l 0 |p 30695 |r 2012-10-27 |w 2012-10-27 |y BK | ||